UBT Library

Growth in America / (Record no. 41951)

000 -LEADER
fixed length control field 00653pam a2200229 i 4500
001 - CONTROL NUMBER
control field 1745271
005 - DATE AND TIME OF LATEST TRANSACTION
control field 20180206092238.0
008 - FIXED-LENGTH DATA ELEMENTS--GENERAL INFORMATION
fixed length control field 760205s1976 ctu b 101 0 eng
010 ## - LIBRARY OF CONGRESS CONTROL NUMBER
LC control number 75035359
020 ## - INTERNATIONAL STANDARD BOOK NUMBER
International Standard Book Number 0837185963 :
Terms of availability $15.00
040 ## - CATALOGING SOURCE
Original cataloging agency DLC
Transcribing agency DLC
Modifying agency DLC
041 ## - LANGUAGE CODE
Language code of text/sound track or separate title eng
043 ## - GEOGRAPHIC AREA CODE
Geographic area code n-us---
080 ## - UNIVERSAL DECIMAL CLASSIFICATION NUMBER
Universal Decimal Classification number 330.973 COO
082 00 - DEWEY DECIMAL CLASSIFICATION NUMBER
Classification number 330.973 COO
100 ## - Rafti
Rafti 52
101 ## - Shkurtesa
Shkurtesa EKO
245 00 - TITLE STATEMENT
Title Growth in America /
Statement of responsibility, etc edited by Chester L. Cooper ; Woodrow Wilson International Center for Scholars.
504 ## - BIBLIOGRAPHY, ETC. NOTE
Bibliography, etc Includes bibliographical references and index.
906 ## - LOCAL DATA ELEMENT F, LDF (RLIN)
a 7
b cbc
c orignew
d 1
e ocip
f 19
g y-gencatlg
942 ## - ADDED ENTRY ELEMENTS (KOHA)
Source of classification or shelving scheme
Item type Books
Holdings
Withdrawn status Lost status Source of classification or shelving scheme Damaged status Not for loan Collection code Permanent location Current location Shelving location Date acquired Total Checkouts Full call number Barcode Date last seen Price effective from Koha item type
          Koleksioni i përgjithshem UBT - Lipjan UBT - Lipjan Koleksioni i përgjithshem 02/06/2018   330.973 COO 002-2999344 02/06/2018 02/06/2018 Books
UBT Library © 2015-2024. All rights reserved University Education for Business and Technology